Statistiken für Japanische Dinge anhand von Beschreibungen erraten

Klicken Sie hier um das Quiz zu spielen!

Allgemein

  • Dieses Quiz wurde 67 mal gespielt
  • Das Durchschnittsergebnis liegt bei 6 aus 18

Antwortstatistiken

BeschreibungAntwort% Korrekt
Ein schwarz gekleideter Mann, der schnell und leise angreift.Ninja
93%
Japanische Tracht.Kimono
88%
Ein Comic, den man anders herum liest.Manga
81%
Kampfsport bei den man mit der Handkante angreift.Karate
75%
Ein Krieger der Ronin.Samurai
64%
Kampfsport bei den man den Gegner, mit gekonnten Moves, zu Boden bringen muss.Judo
56%
Der Boden eines traditionellen japanischen Hauses.Tatami
36%
Ein niedlicher Kleidungsstil.Lolita
31%
Japanische Tracht, die leichter zu binden ist.Yukata
29%
Ein auffällig bunter Kleidungsstil die nach einem Stadtteil von Tokyo benannt wurde.Harajuku
22%
Das gleiche wie bei Frage 1, nur als Frau.Kunoichi
22%
Ein Tisch der die Füße wärmt.Kotatsu
12%
Eine Figur, bei der man was wünscht und ihn eine Pupille malt. Geht der Wunsch in Erfüllung, malt man die andere Pupille.Daruma
10%
Japanischer Name der Shintopristerinnen.Miko
10%
Verschiebbare Wände in einem traditionellen japanischen Haus.Shoji
10%
Japanische Laterne. (Die weißen. Die roten sind aus China.)Chouchin
0%
Der bekannteste Shintoschrein der Welt.Inari Schrein
0%
Die Welt in der die Yokai leben.Makai
0%

Verteilung der Resultate

Perzentil nach korrekt beantworteten Fragen

Anzahl Personen mit jedem Resultat

Ihre Resultats-Entwicklung

Sie haben dieses Quiz noch nicht gespielt